Countries by their National dishes part 1 - Statistics

General Stats
  • This quiz has been taken 32 times
  • The average score is 10 of 15
Answer Stats
Hint Answer % Correct
Pot-au-Feu France
100%
Paella Spain
100%
Hamburgers United States
97%
Peking Roasted duck China
93%
Ragu a la bolognese Italy
87%
Poutine Canada
83%
Doner kebap Turkey
83%
Chicken Tikka Masala United Kingdom
77%
Mole Mexico
70%
Nasi Goreng Indonesia
53%
Asados Argentina
50%
Roast lamb Australia
50%
Bobotie South Africa
50%
Ackee and saltfish Jamaica
33%
Callaloo Trinidad and Tobago
10%
No matching quizzes found
Score Distribution
Percent of People with Each Score
Percentile by Number Answered
Your Score History
You have not taken this quiz